00313nam a2200121Ia 4500008004100000100001300041245005900054260003200113300000800145650001300153942000800166999001700174190216s9999||||xx |||||||||||||| ||und|| aJain D P 0aFinancial Acounting: Comprehnsive Question Bank For Xi bLaxmi Publication Ltdc2003 a448 aCommerce cREF c36729d36729